Nghiên cứu giải pháp nâng cao khả năng tiếp nhận người dùng cho ứng dụng đăng ký trực tuyến trên nền điện toán đám mây : Báo cáo tổng kết đề tài khoa học và công nghệ cấp trường

Trình bày các bước xây dựng một hệ thống điện toán đám mây dựa trên nền tảng điện toán đám mây mã nguồn mở OpenStack

Spremljeno u:
Bibliografski detalji
Glavni autor: Ngô, Bá Hùng
Format: Knjiga
Jezik:Undetermined
Izdano: Cần Thơ Trường Đại học Cần Thơ 2014
Teme:
Oznake: Dodaj oznaku
Bez oznaka, Budi prvi tko označuje ovaj zapis!
Thư viện lưu trữ: Trung tâm Học liệu Trường Đại học Cần Thơ
LEADER 01336nam a2200229Ia 4500
001 CTU_198285
008 210402s9999 xx 000 0 und d
082 |a 004.1 
082 |b H513 
088 |a T2013-08 
100 |a Ngô, Bá Hùng 
245 0 |a Nghiên cứu giải pháp nâng cao khả năng tiếp nhận người dùng cho ứng dụng đăng ký trực tuyến trên nền điện toán đám mây : 
245 0 |b Báo cáo tổng kết đề tài khoa học và công nghệ cấp trường 
245 0 |c Ngô Bá Hùng (Chủ nhiệm đề tài) ; Hà Duy An (Cán bộ phối hợp nghiên cứu) 
260 |a Cần Thơ 
260 |b Trường Đại học Cần Thơ 
260 |c 2014 
520 |a Trình bày các bước xây dựng một hệ thống điện toán đám mây dựa trên nền tảng điện toán đám mây mã nguồn mở OpenStack 
650 |a Cloud computing,Open source software,Electronic data processing,Điện toán đám mây,Xử lý dữ liệu điện tử,Phần mềm mã nguồn mở 
650 |x Distributed processing,Quá trình phân tán 
904 |i Nguyên 
980 |a Trung tâm Học liệu Trường Đại học Cần Thơ